000 00644nam a2200253Ia 4500
003 OSt
005 20221007100401.0
006 a|||||r|||| 00| 0
007 ta
008 221006b |||||||| |||| 00| 0 eng d
024 _a4,328
037 _cTextual
040 _aLCO
_cLCO
_beng
041 _2eng
_aeng
082 _aZ2,2,2, L9
100 _aKRISHNASWAMI M
_9682565
245 0 _aLaw of adverse possession
250 _a9
260 _aAllahabad
_bLaw book company
_c1979
300 _a530
650 _aADVERSE POSSESSION
_9701588
942 _hZ2,2,2, L9
_cTEXL
999 _c1173891
_d1173891